01411nam a2200361Ia 4500001001200000003000800012006001900020007001500039008004100054010001700095020001800112020001500130020001800145020001500163040002100178035002100199050002500220100002200245245009400267260004400361300001500405490004000420504005200460533015200512650005400664650005600718650004700774655002900821710001700850830004100867856012600908999001501034ebr10276718CaPaEBRm u cr cn|||||||||081125s2009 dcu sb 000 0 eng d z 2008049877 z9780821378281 z0821378287 z9780821378342 z0821378341 aCaPaEBRcCaPaEBR a(OCoLC)56061698614aHN981.M3bL63 2009eb1 aLocksley, Gareth.14aThe media and developmenth[electronic resource] :bwhat's the story? /cGareth Locksley. aWashington, D.C. :bWorld Bank,cc2009. avii, 29 p.1 aWorld Bank working paper ;vno. 158 aIncludes bibliographical references (p. 27-29). aElectronic reproduction.bPalo Alto, Calif. :cebrary,d2011.nAvailable via World Wide Web.nAccess may be limited to ebrary affiliated libraries. 0aMass mediaxSocial aspectszDeveloping countries. 0aMass mediaxEconomic aspectszDeveloping countries. 0aBusiness incubatorszDeveloping countries. 7aElectronic books.2local2 aebrary, Inc. 0aWorld Bank working paper ;vno. 158.40uhttp://site.ebrary.com/lib/rucke/Doc?id=10276718zAn electronic book accessible through the World Wide Web; click to view c5534d5534